|
|
|
|
| LEADER |
00000cam a2200000 7i4500 |
| 001 |
0000000170 |
| 005 |
20151222.0 |
| 020 |
|
|
|a 9831280954
|
| 090 |
0 |
0 |
|a JF
|b ENG (231)
|
| 100 |
1 |
|
|a Sheera Neol
|
| 245 |
1 |
0 |
|a Ali Baba
|c Sheera Neol
|
| 260 |
|
|
|a Kuala Lumpur :
|b Good Book Publisher ,
|c 2007
|
| 440 |
|
|
|a Step into English
|
| 500 |
|
|
|a Children ages 7-9 years old (orange)
|
| 650 |
|
0 |
|a English fiction
|
| 999 |
|
|
|a 0000877866
|b Book
|c Children Collection
|e Cawangan Tmn. Ungku Tun Aminah
|
| 999 |
|
|
|a 0000954528
|b Book
|c Children Collection
|e Perbadanan Perpustakaan Awam Johor
|
| 999 |
|
|
|a 0000954540
|b Book
|c Children Collection
|e Perbadanan Perpustakaan Awam Johor
|
| 999 |
|
|
|a 0000954541
|b Book
|c Children Collection
|e Perbadanan Perpustakaan Awam Johor
|
| 999 |
|
|
|a 0000954542
|b Book
|c Children Collection
|e Cawangan Bandar Penawar
|
| 999 |
|
|
|a 0000954543
|b Book
|c Children Collection
|e Perbadanan Perpustakaan Awam Johor
|
| 999 |
|
|
|a 0001077906
|b Book
|c Children Collection
|e Cawangan Tmn. Ungku Tun Aminah
|
| 999 |
|
|
|a 0001089700
|b Book
|c Children Collection
|e Cawangan Mersing
|
| 999 |
|
|
|a 0001089707
|b Book
|c Children Collection
|e Cawangan Pontian
|
| 999 |
|
|
|a 0001089722
|b Book
|c Children Collection
|e Cawangan Bandar Penawar
|
| 999 |
|
|
|a 0001089732
|b Book
|c Children Collection
|e Cawangan Bandar Penawar
|
| 999 |
|
|
|a 0001089754
|b Book
|c Children Collection
|e Cawangan Pontian
|
| 999 |
|
|
|a 0001089764
|b Book
|c Children Collection
|e Cawangan Mersing
|
| 999 |
|
|
|a 0001089780
|b Book
|c Children Collection
|e Cawangan Segamat
|
| 999 |
|
|
|a 0001089796
|b Book
|c Children Collection
|e Cawangan Bukit Gambir
|
| 999 |
|
|
|a 0001089812
|b Book
|c Children Collection
|e Cawangan Taman Universiti
|
| 999 |
|
|
|a 0001089842
|b Book
|c Children Collection
|e Cawangan Segamat
|
| 999 |
|
|
|a 0001089844
|b Book
|c Children Collection
|e Cawangan Segamat
|
| 999 |
|
|
|a 0001089875
|b Book
|c Children Collection
|e Cawangan Segamat
|
| 999 |
|
|
|a 0001089899
|b Book
|c Children Collection
|e Cawangan Tangkak
|
| 999 |
|
|
|a 0001089920
|b Book
|c Children Collection
|e Cawangan Taman Universiti
|
| 999 |
|
|
|a 0001089946
|b Book
|c Children Collection
|e Cawangan Mersing
|
| 999 |
|
|
|a 0001089954
|b Book
|c Children Collection
|e Cawangan Pontian
|
| 999 |
|
|
|a 0001089964
|b Book
|c Children Collection
|e Cawangan Kota Tinggi
|
| 999 |
|
|
|a 0001089971
|b Book
|c Children Collection
|e Cawangan Bandar Penawar
|
| 999 |
|
|
|a 0001089979
|b Book
|c Children Collection
|e Cawangan Bandar Penawar
|
| 999 |
|
|
|a 0001090003
|b Book
|c Children Collection
|e Cawangan Kota Tinggi
|
| 999 |
|
|
|a 0001090010
|b Book
|c Children Collection
|e Cawangan Taman Universiti
|
| 999 |
|
|
|a 0001090025
|b Book
|c Children Collection
|e Cawangan Tangkak
|
| 999 |
|
|
|a 0001090059
|b Book
|c Children Collection
|e Cawangan Mersing
|
| 999 |
|
|
|a 0001090066
|b Book
|c Children Collection
|e Cawangan Pontian
|
| 999 |
|
|
|a 0001090069
|b Book
|c Children Collection
|e Cawangan Kota Tinggi
|
| 999 |
|
|
|a 0001090079
|b Book
|c Children Collection
|e Cawangan Kota Tinggi
|
| 999 |
|
|
|a 0001090090
|b Book
|c Children Collection
|e Cawangan Bandar Penawar
|
| 999 |
|
|
|a 0001090097
|b Book
|c Children Collection
|e Cawangan Pontian
|